Full 2026 NFL Draft - Statistics

General Stats
  • This quiz has been taken 65 times
  • The average score is 80 of 257
Answer Stats
Round Pick Team Position School Player % Correct
1 1 Las Vegas Raiders QB Indiana Fernando Mendoza
100%
1 2 New York Jets DE Texas Tech David Bailey
78%
1 5 New York Giants LB Ohio State Arvell Reese
69%
1 7 Washington Commanders LB Ohio State Sonny Styles
69%
1 4 Tennessee Titans WR Ohio State Carnell Tate
67%
1 3 Arizona Cardinals RB Notre Dame Jeremiyah Love
67%
1 6 Kansas City Chiefs CB LSU Mansoor Delane
67%
1 11 Dallas Cowboys S Ohio State Caleb Downs
64%
1 12 Miami Dolphins OT Alabama Kadyn Proctor
62%
1 20 Philadelphia Eagles WR USC Makai Lemon
62%
1 9 Cleveland Browns OT Utah Spencer Fano
62%
1 13 Los Angeles Rams QB Alabama Ty Simpson
62%
1 10 New York Giants OT Miami (FL) Francis Mauigoa
60%
1 8 New Orleans Saints WR Arizona State Jordyn Tyson
60%
1 16 New York Jets TE Oregon Kenyon Sadiq
60%
1 19 Carolina Panthers OT Georgia Monroe Freeling
60%
1 14 Baltimore Ravens G Penn State Olaivavega Ioane
60%
1 15 Tampa Bay Buccaneers DE Miami (FL) Rueben Bain Jr.
60%
1 17 Detroit Lions OT Clemson Blake Miller
58%
1 18 Minnesota Vikings DT Florida Caleb Banks
58%
1 27 Miami Dolphins CB San Diego State Chris Johnson
58%
1 25 Chicago Bears S Oregon Dillon Thieneman
58%
1 24 Cleveland Browns WR Texas A&M K.C. Concepcion
58%
1 23 Dallas Cowboys DE UCF Malachi Lawrence
58%
1 28 New England Patriots OT Utah Caleb Lomu
56%
1 32 Seattle Seahawks RB Notre Dame Jadarian Price
56%
1 31 Tennessee Titans DE Auburn Keldric Faulk
56%
1 30 New York Jets WR Indiana Omar Cooper Jr.
56%
1 29 Kansas City Chiefs DT Clemson Peter Woods
56%
1 22 Los Angeles Chargers DE Miami (FL) Akheem Mesidor
53%
2 48 Atlanta Falcons CB Clemson Avieon Terrell
53%
2 39 Cleveland Browns WR Washington Denzel Boston
53%
1 21 Pittsburgh Steelers OT Arizona State Max Iheanachor
53%
2 52 Green Bay Packers CB South Carolina Brandon Cisse
51%
3 65 Arizona Cardinals QB Miami (FL) Carson Beck
51%
2 37 New York Giants CB Tennessee Colton Hood
51%
3 76 Pittsburgh Steelers QB Penn State Drew Allar
51%
2 54 Philadelphia Eagles TE Vanderbilt Eli Stowers
51%
2 43 Miami Dolphins LB Texas Tech Jacob Rodriguez
51%
1 26 Houston Texans G Georgia Tech Keylan Rutledge
51%
4 110 New York Jets QB Clemson Cade Klubnik
49%
2 34 Arizona Cardinals G Texas A&M Chase Bisontis
49%
2 47 Pittsburgh Steelers WR Alabama Germie Bernard
47%
2 35 Buffalo Bills DE Clemson T.J. Parker
47%
3 79 Atlanta Falcons WR Georgia Zachariah Branch
47%
2 62 Buffalo Bills CB Ohio State Davison Igbinosun
44%
2 33 San Francisco 49ers WR Ole Miss De'Zhaun Stribling
44%
2 58 Cleveland Browns S Toledo Emmanuel McNeil-Warren
44%
2 36 Houston Texans DT Ohio State Kayden McDonald
44%
2 40 Kansas City Chiefs DE Oklahoma R Mason Thomas
44%
2 45 Baltimore Ravens DE Missouri Zion Young
44%
3 71 Washington Commanders WR Clemson Antonio Williams
42%
2 42 New Orleans Saints DT Georgia Christen Miller
42%
2 53 Indianapolis Colts LB Georgia C.J. Allen
42%
2 50 New York Jets CB Indiana D'Angelo Ponds
42%
2 63 Los Angeles Chargers C Florida Jake Slaughter
42%
3 80 Baltimore Ravens WR USC Ja'Kobi Lane
42%
4 101 Las Vegas Raiders CB Tennessee Jermod McCoy
42%
3 74 New York Giants WR Notre Dame Malachi Fields
42%
4 122 Las Vegas Raiders RB Arkansas Mike Washington Jr.
42%
3 73 New Orleans Saints TE Georgia Oscar Delp
42%
6 182 Cleveland Browns QB Arkansas Taylen Green
42%
2 41 Cincinnati Bengals DE Texas A&M Cashius Howell
40%
4 115 Baltimore Ravens WR Indiana Elijah Sarratt
40%
2 55 New England Patriots DE Illinois Gabe Jacas
40%
7 249 Kansas City Chiefs QB LSU Garrett Nussmeier
40%
2 51 Minnesota Vikings LB Cincinnati Jake Golday
40%
4 108 Denver Broncos RB Washington Jonah Coleman
40%
2 61 Los Angeles Rams TE Ohio State Max Klare
40%
4 125 Buffalo Bills WR UConn Skyler Bell
40%
2 38 Las Vegas Raiders S Arizona Treydan Stukes
40%
2 60 Tennessee Titans LB Texas Anthony Hill Jr.
38%
4 136 New Orleans Saints WR North Dakota State Bryce Lance
38%
6 197 Los Angeles Rams WR Miami (FL) C.J. Daniels
38%
4 120 Green Bay Packers DE Penn State Dani Dennis-Sutton
38%
2 44 Detroit Lions DE Michigan Derrick Moore
38%
2 46 Tampa Bay Buccaneers LB Missouri Josiah Trotter
38%
4 104 Arizona Cardinals DT SE Louisiana Kaleb Proctor
38%
4 124 Chicago Bears CB Texas Malik Muhammad
38%
3 84 Tampa Bay Buccaneers WR Georgia State Ted Hurst
38%
4 105 Los Angeles Chargers WR Mississippi State Brenen Thompson
36%
3 94 Miami Dolphins WR Louisville Chris Bell
36%
3 83 Carolina Panthers WR Tennessee Chris Brazzell II
36%
5 178 Philadelphia Eagles QB North Dakota State Cole Payton
36%
5 161 Kansas City Chiefs RB Nebraska Emmett Johnson
36%
3 96 Pittsburgh Steelers OT Iowa Gennings Dunker
36%
6 187 Washington Commanders RB Penn State Kaytron Allen
36%
4 116 Tampa Bay Buccaneers CB Miami (FL) Keionte Scott
36%
4 137 Dallas Cowboys DE Alabama L.T. Overton
36%
3 78 Indianapolis Colts S LSU A.J. Haulcy
33%
7 223 Washington Commanders QB Rutgers Athan Kaliakmanis
33%
5 162 Baltimore Ravens CB Duke Chandler Rivers
33%
4 128 Cincinnati Bengals C Auburn Connor Lew
33%
7 254 Indianapolis Colts WR Oklahoma Deion Burks
33%
3 95 New England Patriots TE Notre Dame Eli Raridon
33%
3 88 Jacksonville Jaguars G Oregon Emmanuel Pregnon
33%
5 147 Washington Commanders DE Tennessee Joshua Josephs
33%
5 152 Denver Broncos TE NC State Justin Joly
33%
5 157 Detroit Lions CB Arizona State Keith Abney II
33%
2 49 Carolina Panthers DT Texas Tech Lee Hunter
33%
2 56 Jacksonville Jaguars TE Texas A&M Nate Boerkircher
33%
5 165 Tennessee Titans RB Penn State Nick Singleton
33%
3 70 San Francisco 49ers DE Texas Tech Romello Height
33%
3 69 Chicago Bears TE Stanford Sam Roush
33%
6 216 Green Bay Packers K Florida Trey Smack
33%
7 234 New England Patriots QB Texas Tech Behren Morton
31%
2 64 Seattle Seahawks S TCU Bud Clark
31%
3 97 Minnesota Vikings OT Northwestern Caleb Tiernan
31%
3 85 Pittsburgh Steelers CB Georgia Daylen Everette
31%
3 82 Minnesota Vikings DT Iowa State Domonique Orange
31%
4 107 San Francisco 49ers DT Oklahoma Gracen Halton
31%
3 90 San Francisco 49ers RB Indiana Kaelon Black
31%
3 67 Las Vegas Raiders DE Auburn Keyron Crawford
31%
4 138 Miami Dolphins S Pittsburgh Kyle Louis
31%
3 68 Philadelphia Eagles OT Miami (FL) Markel Bell
31%
2 59 Houston Texans TE Michigan Marlin Klein
31%
3 72 Cincinnati Bengals CB Washington Tacario Davis
31%
5 174 Baltimore Ravens RB Clemson Adam Randall
29%
3 86 Cleveland Browns OT Florida Austin Barber
29%
3 75 Miami Dolphins WR Texas Tech Caleb Douglas
29%
3 77 Green Bay Packers DT Missouri Chris McClellan
29%
5 176 Kansas City Chiefs WR Cincinnati Cyrus Allen
29%
6 201 Green Bay Packers CB Alabama Domani Jackson
29%
3 92 Dallas Cowboys DE Michigan Jaishawn Barham
29%
7 245 New England Patriots RB Alabama Jam Miller
29%
4 121 Pittsburgh Steelers WR Iowa Kaden Wetjen
29%
2 57 Chicago Bears C Iowa Logan Jones
29%
5 144 Carolina Panthers C Kansas State Sam Hecht
29%
5 164 Jacksonville Jaguars TE Houston Tanner Koziol
29%
3 66 Denver Broncos DT Texas A&M Tyler Onyedim
29%
3 87 Miami Dolphins TE Ohio State Will Kacmarek
29%
4 129 Carolina Panthers CB Texas A&M Will Lee III
29%
3 89 Chicago Bears WR LSU Zavion Thomas
29%
6 190 New Orleans Saints WR LSU Barion Brown
27%
4 140 Cincinnati Bengals WR Georgia Colbie Young
27%
4 103 New York Jets DT Florida State Darrell Jackson Jr.
27%
6 198 Minnesota Vikings RB Wake Forest Demond Claiborne
27%
4 131 Los Angeles Chargers S Arizona Genesis Smith
27%
6 215 Atlanta Falcons LB LSU Harold Perkins Jr.
27%
7 221 Cincinnati Bengals TE Texas Jack Endries
27%
5 167 Buffalo Bills S South Carolina Jalon Kilgore
27%
5 173 Baltimore Ravens TE Alabama Josh Cuevas
27%
3 99 Seattle Seahawks CB Arkansas Julian Neal
27%
5 149 Cleveland Browns LB Alabama Justin Jefferson
27%
5 141 Houston Texans S USC Kamari Ramsey
27%
5 177 Miami Dolphins WR Missouri Kevin Coleman Jr.
27%
5 159 Minnesota Vikings FB Michigan Max Bredeson
27%
5 146 Cleveland Browns C Alabama Parker Brailsford
27%
5 151 Carolina Panthers S Penn State Zakee Wheatley
27%
3 81 Jacksonville Jaguars DT Texas A&M Albert Regis
24%
4 135 Indianapolis Colts LB Oregon Bryce Boettcher
24%
7 230 Pittsburgh Steelers RB Navy Eli Heidenreich
24%
6 193 New York Giants LB BYU Jack Kelly
24%
5 153 Green Bay Packers C Kentucky Jager Burton
24%
3 98 Minnesota Vikings S Miami (FL) Jakobe Thomas
24%
3 100 Jacksonville Jaguars S Maryland Jalen Huskey
24%
6 192 New York Giants OT Illinois J.C. Davis
24%
5 170 Cleveland Browns TE Cincinnati Joe Royer
24%
6 191 Jacksonville Jaguars WR Baylor Josh Cameron
24%
4 102 Buffalo Bills OT Boston College Jude Bowry
24%
4 126 Buffalo Bills LB TCU Kaleb Elarms-Orr
24%
4 134 Atlanta Falcons LB Oklahoma Kendal Daniels
24%
5 168 Detroit Lions WR Kentucky Kendrick Law
24%
5 166 Chicago Bears LB Arizona State Keyshaun Elliott
24%
5 172 New Orleans Saints S Ohio State Lorenzo Styles Jr.
24%
6 195 Las Vegas Raiders WR Oregon Malik Benson
24%
6 194 Tennessee Titans C Indiana Pat Coogan
24%
7 257 Denver Broncos LB Buffalo Red Murdock
24%
5 143 Arizona Cardinals WR Texas Tech Reggie Virgil
24%
3 91 Las Vegas Raiders C Texas A&M Trey Zuhn III
24%
4 119 Jacksonville Jaguars DE Duke Wesley Williams
24%
5 181 Buffalo Bills DT Penn State Zane Durant
24%
7 243 Houston Texans LB Indiana Aiden Fisher
22%
6 214 Indianapolis Colts DE Ohio State Caden Curry
22%
6 196 New England Patriots OT Texas A&M Dametrious Crownover
22%
4 112 Dallas Cowboys OT Penn State Drew Shelton
22%
4 139 San Francisco 49ers CB Washington Ephesians Prysock
22%
4 113 Indianapolis Colts G Kentucky Jalen Farmer
22%
4 111 Denver Broncos OT Boise State Kage Casey
22%
3 93 Los Angeles Rams OT Missouri Keagen Trost
22%
7 226 Cincinnati Bengals DT Navy Landon Robinson
22%
4 133 Baltimore Ravens TE SMU Matthew Hibner
22%
5 158 Miami Dolphins S Texas Michael Taaffe
22%
5 169 Pittsburgh Steelers TE Indiana Riley Nowakowski
22%
7 237 Indianapolis Colts RB Kentucky Seth McGowan
22%
7 251 Philadelphia Eagles DT N/A Uar Bernard
22%
4 123 Houston Texans LB Clemson Wade Woodaz
22%
5 160 Tampa Bay Buccaneers G Notre Dame Billy Schrauth
20%
6 189 Cincinnati Bengals C Duke Brian Parker II
20%
5 163 Minnesota Vikings CB Stephen F. Austin Charles Demmings
20%
5 155 Tampa Bay Buccaneers DT Clemson DeMonte Capehart
20%
4 114 Dallas Cowboys CB Florida Devin Moore
20%
6 199 Seattle Seahawks WR Kansas Emmanuel Henderson Jr.
20%
5 142 Tennessee Titans G Arkansas Fernando Carmona
20%
5 156 Indianapolis Colts DE Florida George Gumbs Jr.
20%
5 175 Las Vegas Raiders CB California Hezekiah Masses
20%
4 109 Kansas City Chiefs CB Oregon Jadon Canady
20%
4 132 New Orleans Saints G Auburn Jeremiah Wright
20%
4 117 Los Angeles Chargers OT Memphis Travis Burke
20%
6 206 Los Angeles Chargers G Oregon Alex Harkey
18%
6 185 Tampa Bay Buccaneers TE LSU Bauer Sharp
18%
5 148 Seattle Seahawks G Iowa Beau Stephens
18%
4 127 San Francisco 49ers OT Washington Carver Willis
18%
7 256 Denver Broncos TE Utah Dallen Bentley
18%
5 150 Las Vegas Raiders S Arizona Dalton Johnson
18%
4 106 Houston Texans G Oklahoma Febechi Nwaiwu
18%
4 118 Detroit Lions LB Michigan Jimmy Rolder
18%
5 145 Los Angeles Chargers DT South Carolina Nick Barrett
18%
6 211 Baltimore Ravens P Michigan State Ryan Eckley
18%
5 180 Miami Dolphins TE Mississippi State Seydou Traore
18%
7 232 Los Angeles Rams DT Alabama Tim Keenan III
18%
6 188 New York Jets G Miami (FL) Anez Cooper
16%
7 244 Philadelphia Eagles S Texas Tech Cole Wisniewski
16%
5 171 New England Patriots CB Wake Forest Karon Prunty
16%
6 204 Houston Texans WR Boston College Lewis Bond
16%
6 209 Washington Commanders C Michigan State Matt Gulbin
16%
6 205 Detroit Lions DT Texas Tech Skyler Gill-Howard
16%
4 130 Miami Dolphins DE Texas Trey Moore
16%
7 229 Las Vegas Raiders DT NC State Brandon Cleveland
13%
7 248 Cleveland Browns TE BYU Carsen Ryan
13%
6 203 Jacksonville Jaguars WR Stanford C.J. Williams
13%
6 200 Miami Dolphins G Texas D.J. Campbell
13%
5 154 San Francisco 49ers LB Louisiana Jaden Dugger
13%
6 183 Arizona Cardinals LB Iowa Karson Sharar
13%
6 207 Philadelphia Eagles G Georgia Micah Morris
13%
7 219 New Orleans Saints CB Iowa T.J. Hall
13%
7 228 New York Jets S Kansas State V.J. Payne
13%
7 241 Buffalo Bills G Texas A&M Ar'maj Reed-Adams
11%
5 179 San Francisco 49ers OT Kansas Enrique Cruz Jr.
11%
7 227 Carolina Panthers LB Miami (OH) Jackson Kuwatch
11%
6 213 Chicago Bears DT Georgia Tech Jordan Van Den Berg
11%
6 202 Los Angeles Chargers G Boston College Logan Taylor
11%
7 247 New England Patriots DE Boston College Quintayvious Hutchins
11%
7 250 Baltimore Ravens DT Michigan Rayshaun Benny
11%
7 224 Pittsburgh Steelers S Oklahoma Robert Spears-Jennings
11%
7 222 Detroit Lions DE Tennessee Tyre West
11%
6 208 Atlanta Falcons DT Washingon Anterio Thompson
9%
7 218 Dallas Cowboys WR East Carolina Anthony Smith
9%
6 186 New York Giants DT Auburn Bobby Jamison-Travis
9%
7 231 Atlanta Falcons OT Ohio State Ethan Onianwa
9%
7 225 Tennessee Titans TE Oklahoma Jaren Kanak
9%
7 238 Miami Dolphins DE Iowa Max Llewellyn
9%
6 212 New England Patriots LB TCU Namdi Obiazor
9%
7 233 Jacksonville Jaguars DE Washington Zach Durfee
9%
7 236 Seattle Seahawks CB Toledo Andre Fuller
7%
7 242 Seattle Seahawks DT Minnesota Deven Eastern
7%
7 253 Baltimore Ravens G Northwestern Evan Beerntsen
7%
6 184 Tennessee Titans DT Baylor Jackie Marshall
7%
7 255 Seattle Seahawks CB Arizona Michael Dansby
7%
7 246 Denver Broncos S Illinois Miles Scott
7%
7 220 Buffalo Bills CB Missouri Toriano Pride Jr.
7%
6 210 Pittsburgh Steelers DT Notre Dame Gabriel Rubio
4%
7 252 Philadelphia Eagles DE New Mexico Keyshawn James-Newby
4%
7 240 Jacksonville Jaguars LB Middle Tennessee Parker Hughes
4%
7 235 Minnesota Vikings C Cincinnati Gavin Gerhardt
2%
7 217 Arizona Cardinals OT Ole Miss Jaylen Williams
2%
7 239 Buffalo Bills P Florida Tommy Doman
2%
No matching quizzes found
Score Distribution
Percent of People with Each Score
Percentile by Number Answered
Your Score History
You have not taken this quiz